| 000 | 00797nam a2200229 u 4500 | ||
|---|---|---|---|
| 005 | 20240228063619.0 | ||
| 008 | 150305s1998 es r 000 0 spa d | ||
| 020 | _a8495150069 | ||
| 035 | _aUPN01000202311 | ||
| 049 | _aI | ||
| 050 | 4 |
_aPZ26.3 _bF3.3 |
|
| 100 | 1 |
_aFauroux, Catherine _d1962- _936962 |
|
| 245 | 1 | 4 |
_aLas desgracias de Marcelo, el mochuelo / _cCatherine Fauroux ; il. Olivier Melano ; tr. Anna Coll-Vinent. |
| 260 |
_aBarcelona, Esp. : _bCorimbo, _c1998. |
||
| 300 |
_a[24] p. : _bprincipalmente il. col. |
||
| 534 |
_pTítulo original : _tLes malheurs d' Arlette, la chouette |
||
| 650 | 0 |
_aAnimales _vCuentos y leyendas _9234 |
|
| 650 | 4 |
_aLiteratura infantil francesa _913687 |
|
| 650 | 7 |
_aLibros ilustrados para niños _2 _921365 |
|
| 905 | _aInfantil | ||
| 999 |
_c174412 _d174412 |
||